Les 10 pays Européens avec le IDH le plus élevés - Statistiques

Statistiques générales
  • Ce quiz a été pris 207 fois
  • Le résultat moyen est 8 sur 10
Statistiques - réponses
IDH Pays % Correct
0,913 Suède
97%
0,949 Norvège
96%
0,939 Suisse
87%
0,926 Allemagne
86%
0,925 Danemark
85%
0,921 Islande
77%
0,923 Irlande
71%
0,924 Pays-Bas
71%
0,909 Royaume-Uni
65%
0,912 Liechtenstein
40%
Aucun quiz correspondant
Distribution des résultats
% des personnes avec chaque résultat
Percentile par nombre de réponses
Votre historique - résultats
Vous n’avez pas pris ce quiz